00899naa#a2200169#i#4500001001600000005001700016011001400033100004100047102000700088200033000095210011900425215001000544608004500554675005400599700005200653856002400705RU\\bibl\12152120260512151049.2##a2073-0454##a20251219b2025####ek#y0rusy0150####ca##aRU1#aО мерах предупреждения киберпреступности на современном этапе, проблемах их реализации, использовании искусственного интеллекта и иных цифровых технологийeЖурнальная статья1#aМоскваcМосковский университет МВД России имени В.Я. Кикотяd2025##a5 с.##aЖурнальная статья2local##aПраво. Юридические науки. 34#1aКлещинаgЕлена Николаевна4#amosumvd.editorum.ru